000 00440nam a2200181Ia 4500
001 17941
005 20260306171554.0
008 260306s9999||||xx |||||||||||||| ||und||
041 _aESP
082 _a658.3
_bG63 2011
100 _aGómez-Mejía, Luis R.
_eAUT
245 0 _aGestión de recursos humanos
260 _c2008
300 _axxxii, 777 páginas :
_c25 cm.
650 _aGEN
654 _aCAN
942 _cLIB
_dJUS
_fJUS
_2ddc
_n
999 _c17941
_d17941